1534 1803 1618 1454 1336 1080 1854 1631 1068 1135 1633 1393 1731 1476 1251 1810 1985 1246 1618 1409 1169 1822 1975 1792 1982 1242 1436 1752 1265 1583 1765 1302 1004 1353 1247 1576 1251 1440 1851 1268 1158 1445 1145 1762 1426 1928 1737 1942 1778 1363 1056 1442 1337 1532 1113 1019 1311 1865 1663 1868 1972 1280 1025 1450 1516 1828 1753 1879 1151 1278 1212 1535 1764 1980 1026 1515 1643 1706 1016 1471 1970 1103 1568 1813 1393 1984 1390 1128 1919 1580 1956 1944 1890 1266 1806 1438 1035 1498 1525 BCNSPRNW ULIB Ver.6.0+V

เปลี่ยนเป็นภาษาไทย

Change to English
 แสดงรายละเอียดบรรณานุกรม
  กลับหน้าหลัก

Brief Record : Get Marc (ISO 2709) : E-mail record : QR code < ปิดหน้าต่าง
LEADER : 00000nam 2200000uu 4500
001    13399121541
003     ULIB
008    121122s2550||||th 000 0 tha d
020    ^a9789741107629
060 04 ^aWW100^bว157จ
245 00 ^aจักษุวิทยา /^cบรรณาธิการ, วณิชา ชื่นกองแก้ว, อภิชาติสิงคาลวณิช
250    ^aพิมพ์ครั้งที่ 1
260    ^aกรุงเทพฯ :^bงานตำราวารสารและสิ่งพิมพ์สถานเทคโนโลยีการศึกษาแพทยศาสตร์ คณะแพทยศาสตร์ศิริราชพยาบาลมหาวิทยาลัยมหิดล,^c2550
300    ^a508 หน้า :^bภาพประกอบ (สีบางภาพ) ;^c26 ซม.
650  7 ^aจักษุวิทยา
650  7 ^aตา, โรค
653    ^aผลงานอาจารย์คณะแพทยศาสตร์ศิริราชพยาบาล
700 0  ^aวณิชา ชื่นกองแก้ว,^eบรรณาธิการ
700 0  ^aอภิชาติ สิงคาลวณิช,^eบรรณาธิการ
710 2  ^aมหาวิทยาลัยมหิดล. ^bคณะแพทยศาสตร์ศิริราชพยาบาล.^bภาควิชาจักษุวิทยา
710 2  ^aมหาวิทยาลัยมหิดล. ^bคณะแพทยศาสตร์ศิริราชพยาบาล.^bสถานเทคโนโลยีการศึกษาแพทยศาสตร์
945    ^p1000^l0^i14804
995    ^aวิภา
999 ^a ใช้งานได้ทุกระบบ
รายการนี้ยังไม่มีแท็ก
คุณยังไม่ได้ล็อกอิน คุณสามารถมีกิจกรรมร่วมกับเว็บไซต์ได้ แต่ต้องล็อกอินก่อน ::
  ล็อกอิน

รายการสื่อสารสนเทศ

ลำดับที่ ประเภท เลขเรียก/บาร์โค้ด สถานที่ สถานะ
1. วิทยาศาสตร์การแพทย์ และสุขภาพ
วิทยาศาสตร์การแพทย์ และสุขภาพ
WW100 ว157จ  
  Barcode: 14804
ห้องสมุดวิทยาเขตสวรรค์ประชารักษ์
►ส่วนจัดเก็บหนังสือเก่า สปร
บนชั้น
  ขอยืม

รายการใกล้เคียง
    หัวเรื่อง [จักษุวิทยา]
    หัวเรื่อง [ตา, โรค]

BibComment


ยังไม่เคยถูกคอมเมนท์

คอมเมนท์ทรัพยากรรายการนี้
  คอมเมนท์: จักษุวิทยา บรรณ..


 Copyright 2026. Bcnsprnw @Library